| 000 | 00531 a2200181 4500 | ||
|---|---|---|---|
| 999 |
_c41651 _d41651 |
||
| 003 | OSt | ||
| 005 | 20221031160632.0 | ||
| 008 | 221031b ||||| |||| 00| 0 eng d | ||
| 020 | _a9789386245502 | ||
| 040 | _coclc | ||
| 082 |
_a338.4791 _bBHA/I |
||
| 100 |
_95656 _aBhatia, A K |
||
| 245 |
_aInternational tourism management / _cA K Bhatia |
||
| 250 | _a3rd. rev. ed. | ||
| 260 |
_aNew Delhi: _bSterling publishers, _c2022. |
||
| 300 | _a430 pages | ||
| 942 |
_2ddc _cBK _h338.4791 _iBHA/I _k338.4791 _mBHA/I |
||